Più grandi città della Sicilia - Statistics

Statistiche generali
  • Questo quiz è stato fatto 528 volte
  • Il punteggio medio è 8 su 10
Statistiche sulle risposte
Popolazione Città % Corretto
314.555 ⭐️ Catania
100%
674.435 ⭐️ Palermo
100%
238.439 ⭐️ Messina
97%
122.291 ⭐️ Siracusa
96%
73.313 ⭐️ Ragusa
92%
68.759 ⭐️ Trapani
92%
63.360 ⭐️ Caltanissetta
84%
75.827 Gela
63%
83.194 Marsala
61%
63.339 Vittoria
38%
Nessun quiz corrispondente trovato
Distribuzione punteggi
Percentuale di utenti per punteggio
Percentile per numero di risposta
I tuoi punteggi nel tempo
Non hai fatto questo quiz